000 00338nam a2200145Ia 4500
008 230718s9999 xx 000 0 und d
041 _aEng.
082 _a343.255
_bYED-S
100 _ayed, Nadeem Saqlain
245 0 _aSales Tax Act 1980
260 _aPakistan
_bManjool law book
_c2012
300 _a79
650 _aLaw
999 _c26840
_d26840